000 00317nam a22001337a 4500
008 170526b xxu||||| |||| 00| 0 eng d
020 _a9780198593898
041 _aeng
080 _a621
100 _a25
101 _aIM
245 _aDESIGN OF BRUSHLESS PERMANENT-MAGNET MOTORS
_cHENDERSHOT,.J.R
942 _2udc
_cBK
999 _c14353
_d14353